000 00552nam a2200217 a 4500
999 _c6399
_d6399
001 6399
003 BD-JhCC
005 20200329134008.0
008 180122s2005 ii |||| |||| 000 0 eng d
020 _a9789383202751
035 _a(BD-JhCC)
040 _aBD-JhCC
_dBD-JhCC
041 _aeng
082 _a813.4
_bTWA 2005
100 _aTwain, Mark
245 _aThe adventures of Huckleberry Finn /
_cMark Twain
260 _aIndia:
_bDhingra Publishing House;
_c2005
300 _a224 p;,
_c22 cm
650 _aFugitive Staves
942 _2ddc
_cBK
_05